Promise and problems in applying quantitative complementary areas for representing the diversity of some neotropical plants (<families Dichapetalaceae, Lecythidaceae, Caryocaraceae, Chrysobala>) (Registro nro. 9988)

Detalles MARC
000 -CABECERA
Campo de control 007180000a22001810004500
090 ## - CLASIFICACIÓN LOCAL
Colección AR
Consecutivo 00900
041 0# - IDIOMA
Código de idioma para texto/pista de sonido o título separado
100 1# - ASIENTO PRINCIPAL--NOMBRE PERSONAL
Nombre personal Williams, Paul H.
245 10 - MENCION DE TITULO
Título Promise and problems in applying quantitative complementary areas for representing the diversity of some neotropical plants (<families Dichapetalaceae, Lecythidaceae, Caryocaraceae, Chrysobala>)
650 14 - ASIENTO SECUNDARIO DE MATERIA - TERMINO TEMATICO
Término temático o nombre geográfico como elemento de entrada Riqueza de especies
650 14 - ASIENTO SECUNDARIO DE MATERIA - TERMINO TEMATICO
Término temático o nombre geográfico como elemento de entrada Endemismo
650 14 - ASIENTO SECUNDARIO DE MATERIA - TERMINO TEMATICO
Término temático o nombre geográfico como elemento de entrada Conservación de biodiversidad
700 1# - ASIENTO SECUNDARIO - NOMBRE PERSONAL
Nombre personal Humphries, Cristopher J.
700 1# - ASIENTO SECUNDARIO - NOMBRE PERSONAL
Nombre personal Prance, Ghillean T.
700 1# - ASIENTO SECUNDARIO - NOMBRE PERSONAL
Nombre personal Edwards, K. S.
773 1# - Item fuente:
Título Biological Journal of the Linnean Society
Especificación de materiales 166
Descripción física 58
Paginas del Articulo 125-157
Lugar, editorial y fecha de publicación 1996
942 ## - ELEMENTOS ADICIONALES (KOHA)
Tipo de ítem Artículo
Existencias
Withdrawn status Lost status Damaged status No para préstamo Colección Ubicación Permanente Ubicación actual Fecha de adquisición Fuente de Valor Datos de publicación Seriada Total Checkouts Número topográfico Inventario / Código de Barras Date last seen Ejemplar Price effective from Forma de adquisición Tipo de material
      No para Préstamo Hemeroteca Bogotá Bogotá 27/02/2015 Schmidt, Nubia de Fuera de circulación   AR 00900 011193 25/03/2015 1 25/03/2015   Artículo